"Izvinyitye, agyin klop-" (akik túlélték a gulág poklát-)

Bibliographic Details
Other Authors: Flórián, László, 1949- (Compiler)
Format: Book
Language:Hungarian
PhysicalDescription:121 strán faksimile, fotografie 21 cm
Published: Ligetfalu Csemadok Alapszevezet Ligetfalu 2022
ISBN:9788057041658
Subjects:

MARC

LEADER 00000cam a2200000 4500
001 vtls012150758
003 SK-MaSNL
005 20260302025410.0
008 221003s2022 xo ho g 000 0 hun
015 |a SNBA2023/05 
020 |a 9788057041658  |q (brožované) 
040 |a SNK  |b slo  |c SNK  |e rda 
041 0 |a hun 
044 |a xo  |c SK 
072 7 |a 821.511.1  |x Ugrofínske literatúry  |2 konspekt 
080 |a 343.262  |2 2011 
080 |a 94(100)"1939/1945"  |2 2011 
080 |a (0:82-94)  |2 2011 
080 |a 821.511.141-32  |2 2011 
245 0 0 |a "Izvinyitye, agyin klop-"  |b (akik túlélték a gulág poklát-)  |c összeállította: Flórián László 
264 1 |a Ligetfalu  |b Csemadok Alapszevezet Ligetfalu  |c 2022 
300 |a 121 strán  |b faksimile, fotografie  |c 21 cm 
336 |a text  |b txt  |2 rdacontent 
337 |a bez média  |b n  |2 rdamedia 
338 |a zväzok  |b nc  |2 rdacarrier 
600 1 7 |a László, Flórián,  |d 1913-  |2 SNKMA  |9 674631 
650 0 7 |a pracovné tábory  |2 SNKPH  |9 2655 
650 0 7 |a Forced labour camps  |2 SNKPHeng  |9 277133 
650 0 7 |a World War (1939-1945)  |2 SNKPHeng  |9 284172 
650 0 7 |a druhá svetová vojna (1939-1945)  |2 SNKPH  |9 169657 
655 7 |a spomienky  |2 SNKPH  |9 29509 
655 7 |a maďarské prózy  |2 SNKPH  |9 70733 
655 7 |a Hungarian prose  |2 SNKPHeng  |9 313663 
655 7 |a Reminiscences  |2 SNKPHeng  |9 93477 
700 1 |a Flórián, László,  |d 1949-  |4 com  |9 228551 
752 |a Slovensko  |d Petržalka (Bratislava) 
852 |a Slovenská národná knižnica 
919 |a 978-80-570-4165-8 
954 |a beletria cudzojazyčná (svetová)  |2 lita 
958 |a HU 
999 |c 1044049  |d 1045979 
952 |a SNK  |b SNK  |y PREZ  |7 0  |p 17A1514349  |o snkSC 199330  |i snk2022/15167  |8 0  |0 0  |1 0  |4 0  |d 2022-10-03  |l 0  |r 2025-10-22 00:00:00  |w 2026-02-24 
952 |a SNK  |b SNK  |y VYP  |7 0  |p 17A1514350  |o snkSC 199330 D1  |i snk2022/15168  |8 0  |0 0  |1 0  |4 0  |d 2022-10-03  |l 0  |r 2026-02-24 14:34:26  |w 2026-02-24